logo

Bir Sreshtho Munshi Abdur Rouf Library
Jhenaidah Cadet College

সোজন বাদিয়ার ঘাট / (Record no. 3794)

MARC details
000 -LEADER
fixed length control field 00627nam a2200217 a 4500
001 - CONTROL NUMBER
JCCL Control Number 3794
003 - CONTROL NUMBER IDENTIFIER
JCCL marc code BD-JhCC
005 - DATE AND TIME OF LATEST TRANSACTION
control field 20171128135514.0
008 - FIXED-LENGTH DATA ELEMENTS--GENERAL INFORMATION
fixed length control field 171118s1964 bg ||||| ||a| 000 0 ben d
035 ## - SYSTEM CONTROL NUMBER
system control number (BD-JhCC) 3794
040 ## - CATALOGING SOURCE
Original cataloging agency BD-JhCC
Modifying agency BD-JhCC
041 ## - LANGUAGE CODE
Language code of Book ben
082 ## - DEWEY DECIMAL CLASSIFICATION NUMBER
Classification number 891.4415
Author mark and Year UDD 1964
100 ## - MAIN ENTRY--PERSONAL NAME
Personal name উদ্দীন, জসীম
245 ## - TITLE STATEMENT
Title সোজন বাদিয়ার ঘাট /
Statement of responsibility, etc জসীম উদ্দীন
260 ## - PUBLICATION, DISTRIBUTION, ETC. (IMPRINT)
Place of publication, distribution, etc ঢাকা :
Name of publisher, distributor, etc পলাশ প্রকাশনী ,
Date of publication, distribution, etc 1964
300 ## - PHYSICAL DESCRIPTION
Pagination 148 p .:
Dimensions 22 cm .
650 ## - SUBJECT ADDED ENTRY--TOPICAL TERM
Topical term or geographic name as entry element Bengali Poem
942 ## - ADDED ENTRY ELEMENTS (KOHA)
Source of classification or shelving scheme Dewey Decimal Classification
Koha item type Books
Holdings
Source of classification or shelving scheme Damaged status Not for loan Home library Current library Shelving location Date of accession Cost, normal purchase price Total Checkouts Full call number Barcode Date last seen Copy number Koha item type
Dewey Decimal Classification     JCC Rouf Library JCC Rouf Library General Stacks 11/27/2017 250.00   891.4415 UDD 1964 5357 11/27/2017 C-1 Books
Dewey Decimal Classification     JCC Rouf Library JCC Rouf Library General Stacks 07/23/2018 250.00   891.4415 UDD 2015 14144 07/23/2018 C-2 Books

JCC Library | Contacts | JCC Home

Last Update on 23 September 2017
Copyright @ 2017-2020 JCC Rouf Library
Rouf Library, Jhenidah Cadet College (JCC), Bangladesh